000 00403nam a2200145 i 4500
001 129241
003 ES-MaACL
005 20230906193450.0
007 t|
008 070608s1978 sp ||||1| spa d
245 0 0 _aTemas de higiene industrial.(I Congreso de Higiene Industrial).
260 _a[Madrid :
_bMapfre,
_c1978]
300 _a230 p. :
_bil. ;
_c21 cm.
852 _aES-MaACL
_jA-9528
_bR.98320
999 _c129241
_d129241